00874nam a2200217 a 450000100100000000500170001000800410002702000150006804000250008310000360010824500980014426000560024230000300029850000320032850500250036050400210038550400730040671000540047995201060053399900170063900004195020201002035840.0120328s1975 sp 001 0 spa d a8400052501 aDO-SdBNPbspacBNPHU1 aGonzález Antón, Luis96886814aLas uniones aragonesas y las Cortes del Reino (1283-1301) / Antón /cLuis González Anton. aBarcelona :bEscuela de Estudios Medievales,c1975. av. (XI, 669) p. ;c25 cm. aLa biblioteca posee el v. 22 av. 2tDocumentos. -- aIncluye índice aIncluye referencias bibliográficas y notas al pie de las páginas2 aEscuela de Estudios Medievales, (España)968869 0010507-18MOaGRbGRcOId2013-10-24iLF1l0o p41950-10r2020-06-25w2020-06-25y1ZNo se presta c41439d41439